Beyond the boundaries (Record no. 111011)
[ view plain ]
| 000 -LEADER | |
|---|---|
| fixed length control field | 00942cam a22002175a 4500 |
| 001 - CONTROL NUMBER | |
| control field | L150896 |
| 008 - FIXED-LENGTH DATA ELEMENTS--GENERAL INFORMATION | |
| fixed length control field | 100913s2010 xxk f 000 0 eng d |
| 035 ## - SYSTEM CONTROL NUMBER | |
| System control number | (Sirsi) u150896 |
| 041 0# - LANGUAGE CODE | |
| Language code of text/sound track or separate title | eng |
| 100 1# - MAIN ENTRY--PERSONAL NAME | |
| Personal name | Carter, Andrew |
| 245 00 - TITLE STATEMENT | |
| Title | Beyond the boundaries |
| Medium | [electronic resource] |
| 260 ## - PUBLICATION, DISTRIBUTION, ETC. | |
| Place of publication, distribution, etc. | London |
| Name of publisher, distributor, etc. | Centre for Cities |
| Date of publication, distribution, etc. | 2010 |
| 520 ## - SUMMARY, ETC. | |
| Summary, etc. | Report from the Centre for Cities encourages businesses and local authorities to work together in respect to skills, housing and transport so they can manage public spending cuts and maximise private sector jobs growth. |
| 590 ## - LOCAL NOTE (RLIN) | |
| Local note | KA NTK |
| 651 #4 - SUBJECT ADDED ENTRY--GEOGRAPHIC NAME | |
| Geographic name | England and Wales |
| Chronological subdivision | 1543- |
| 690 ## - LOCAL SUBJECT ADDED ENTRY--TOPICAL TERM (OCLC, RLIN) | |
| Topical term or geographic name as entry element | ENVIRONMENTAL AND LAND CONSULTANCY-PLANNING AND DEVELOPMENT |
| 700 1# - ADDED ENTRY--PERSONAL NAME | |
| Personal name | Larkin, Kieran |
| 700 1# - ADDED ENTRY--PERSONAL NAME | |
| Personal name | Tochtermann, Lena |
| 856 48 - ELECTRONIC LOCATION AND ACCESS | |
| Uniform Resource Identifier | <a href="https://www.centreforcities.org/assets/files/10-09-07%20Beyond%20the%20Boundaries.pdf">https://www.centreforcities.org/assets/files/10-09-07%20Beyond%20the%20Boundaries.pdf</a> |
| Public note | View the report free of charge at www.centreforcities.org |
| 942 ## - ADDED ENTRY ELEMENTS (KOHA) | |
| Suppress in OPAC | 0 |
| Withdrawn status | Lost status | Source of classification or shelving scheme | Damaged status | Not for loan | Home library | Current library | Shelving location | Date acquired | Total Checkouts | Full call number | Barcode | Date last seen | Copy number | Price effective from | Koha item type |
|---|---|---|---|---|---|---|---|---|---|---|---|---|---|---|---|
| Dewey Decimal Classification | Virtual | Virtual | Online | 13/09/2010 | ONLINE PUBLICATION | 150896-2001 | 06/08/2019 | 1 | 06/08/2019 | Book |